Análisis e interpretación de los estados contables

שמור ב:
מידע ביבליוגרפי
מחבר ראשי: Cholvis, Francisco (Author)
פורמט: ספר
שפה:ספרדית
יצא לאור: Buenos Aires El Ateneo 1983
סדרה:Biblioteca de Ciencias Económicas. Serie Contabilidad
נושאים:
תגים: הוספת תג
אין תגיות, היה/י הראשונ/ה לתייג את הרשומה!

MARC

LEADER 00000nam a2200000 a 4500
001 UCW2746
003 CL-VaPUC
008 890628e19830000AG |||||||||||||||||spa|d
082 0 4 |a 657.3  |b CHO  |2 21 
100 0 |a Cholvis, Francisco  |e author  |9 307018 
245 1 0 |a Análisis e interpretación de los estados contables 
300 |a 227 p 
942 |c BK 
945 |d 19890628 00:00:00 
260 |a Buenos Aires  |b El Ateneo  |c 1983 
650 7 |a ESTADOS FINANCIEROS CONTABILIDAD  |2 CL-VaPUC  |9 307019 
583 |a last modification  |c 19890628 00:00:00  |k Rodrigo Vera 
490 0 |a Biblioteca de Ciencias Económicas. Serie Contabilidad 
999 |c 217204  |d 217202 
952 |0 0  |1 0  |4 0  |6 657_300000000000000_CHO_1983  |7 0  |8 P  |9 204156  |a BIBGIM  |b BIBGIM  |d 2019-11-15  |i 2713756  |o 657.3 CHO 1983  |p 2713756  |r 2025-01-15  |w 2019-11-15  |y BK  |k COM